Cultivo del calabacín de invernadero

Salvato in:
Dettagli Bibliografici
Autore principale: Reche Mármol, José (Autore)
Natura: Libro
Lingua:spagnolo
Pubblicazione: Almería Colegio Oficial de Ingenieros 1997
Soggetti:
Tags: Aggiungi Tag
Nessun Tag, puoi essere il primo ad aggiungerne!!

MARC

LEADER 00000nam a2200000 a 4500
001 UCO0418
003 CL-VaPUC
008 000420e19970000SP |||||||||||||||||spa|d
082 0 4 |a 635.6  |b REC  |2 21 
100 0 |a Reche Mármol, José  |e author  |9 441680 
245 1 0 |a Cultivo del calabacín de invernadero 
300 |a 213 p 
942 |c BK 
945 |d 20000420 00:00:00  |a vberengu 
260 |a Almería  |b Colegio Oficial de Ingenieros  |c 1997 
650 0 |a Agentes nocivos   |9 340453 
650 7 |a CUCURBITA  |2 CL-VaPUC  |9 441681 
650 0 |a Cultivo  |9 264268 
650 0 |a Enfermedades  |9 263059 
650 0 |a Enfermedades de las plantas  |9 259687 
650 7 |a PLAGAS  |2 CL-VaPUC  |9 264624 
650 7 |a RECOLECCION  |2 CL-VaPUC  |9 401556 
650 7 |a SANDIA  |2 CL-VaPUC  |9 441682 
650 7 |a CITRULLUS LANATUS  |2 CL-VaPUC  |9 441683 
651 0 |a España  |9 254926 
583 |a last modification  |c 20000420 00:00:00  |k Rodrigo Vera 
999 |c 287127  |d 287125 
952 |0 0  |1 0  |4 0  |6 635_600000000000000_REC_1997  |7 0  |8 A  |9 333558  |a BIBAGR  |b BIBAGR  |d 2019-11-20  |i 3595439  |o 635.6 REC 1997  |p 3595439  |r 2025-01-20  |w 2019-11-20  |y BK  |k AGR